Quizzes
Events
Quiz Creation
Community
Videos
Private Events
Remove Ads
Sign In
Join for FREE
Feedback
Dark Mode
Quiz Categories
Sports
Geography
Music
Movies
Television
Just For Fun
Miscellaneous
History
Literature
Language
Science
Gaming
Entertainment
Religion
Holiday
For Kids
Quiz Lab
Recent
Popular Today
Quiz Kudos Today
Editor Picks
Curator Picks
Quizzes by...
Day
Popularity
Type
Ratings
Length
Year
Community
Subscriptions
Recent Discussions
Orange Saloon
Badges
Playlists
Quests
Create
Leaderboards
Showdown
Live 5
Trivia Bingo
Activity
Puzzle Library
Sporcle Events
Private Events
Virtual Trivia
Globe League
Become a Host
Pub Owners
SporcleCon
Opinionation
Our Games
Videos
Blog
Mobile Apps
Partnerships
Remove Ads and Go Orange
Feedback
Sports
Athletes
MLB
NBA
NHL
NFL
Soccer
Sports Teams
WWE
NCAA
Football
Premier League
Basketball
Baseball
Hockey
Golf
Tennis
Cricket
Rugby
Auto Racing
Olympics
World Cup
Sports
Athletes
MLB
NBA
NHL
NFL
Soccer
Sports Teams
WWE
NCAA
Football
Premier League
Basketball
Baseball
Hockey
Golf
Tennis
Cricket
Rugby
Auto Racing
Olympics
World Cup
Random Quiz
Search Sporcle
×
Quiz Lab
Quiz Lab
Sports
Network
Type in answers that appear in a list
Type in answers that appear in a list
Classic
Best Score? Go Orange.
NFL Power Rankings Week 2 2019 Stats
Can you name the top 10 best teams in the NFL going into Week 2 of the 2019 season, according to different sources?
By
MrSaturn64
2m
60 Questions
184 Plays
184 Plays
184 Plays
Comments
Comments
Give Quiz Kudos
Give Quiz Kudos
-
- Ratings
hide this ad
Replay
Link that replays current quiz
Next Quiz
Link to next quiz in quiz playlist
You Got
0%
They Got
Avg Score
93%
Avg Friend Score
Upgrade to see
Score Distribution
Jump to the score distribution portion of the page
Score
0/60
Timer
02:00
0
Plays Today
Network
Team
% Correct
ESPN
New England Patriots
98.4%
CBS Sports
New England Patriots
98.4%
Bleacher Report
New England Patriots
98.4%
Sports Illustrated
New England Patriots
98.4%
USA Today
New England Patriots
98.4%
NFL.com
New England Patriots
98.4%
ESPN
Green Bay Packers
96.7%
CBS Sports
Green Bay Packers
96.7%
Bleacher Report
Green Bay Packers
96.7%
Sports Illustrated
Green Bay Packers
96.7%
NFL.com
Green Bay Packers
96.7%
ESPN
Kansas City Chiefs
95.1%
ESPN
Los Angeles Rams
95.1%
CBS Sports
Kansas City Chiefs
95.1%
CBS Sports
Los Angeles Rams
95.1%
Bleacher Report
Kansas City Chiefs
95.1%
Bleacher Report
Los Angeles Rams
95.1%
Sports Illustrated
Kansas City Chiefs
95.1%
Sports Illustrated
Los Angeles Rams
95.1%
USA Today
Kansas City Chiefs
95.1%
USA Today
Los Angeles Rams
95.1%
NFL.com
Los Angeles Rams
95.1%
NFL.com
Kansas City Chiefs
95.1%
ESPN
Baltimore Ravens
94%
CBS Sports
Baltimore Ravens
94%
Bleacher Report
Baltimore Ravens
94%
USA Today
Baltimore Ravens
94%
NFL.com
Baltimore Ravens
94%
ESPN
New Orleans Saints
93.5%
CBS Sports
New Orleans Saints
93.5%
Network
Team
% Correct
Bleacher Report
New Orleans Saints
93.5%
Sports Illustrated
New Orleans Saints
93.5%
USA Today
New Orleans Saints
93.5%
NFL.com
New Orleans Saints
93.5%
ESPN
Dallas Cowboys
91.8%
CBS Sports
Dallas Cowboys
91.8%
Bleacher Report
Dallas Cowboys
91.8%
Sports Illustrated
Dallas Cowboys
91.8%
USA Today
Dallas Cowboys
91.8%
NFL.com
Dallas Cowboys
91.8%
ESPN
Philadelphia Eagles
90.2%
ESPN
Los Angeles Chargers
90.2%
ESPN
Minnesota Vikings
90.2%
CBS Sports
Los Angeles Chargers
90.2%
CBS Sports
Philadelphia Eagles
90.2%
CBS Sports
Minnesota Vikings
90.2%
Bleacher Report
Los Angeles Chargers
90.2%
Bleacher Report
Philadelphia Eagles
90.2%
Bleacher Report
Minnesota Vikings
90.2%
Sports Illustrated
Philadelphia Eagles
90.2%
Sports Illustrated
Minnesota Vikings
90.2%
Sports Illustrated
Los Angeles Chargers
90.2%
Sports Illustrated
Seattle Seahawks
90.2%
USA Today
Minnesota Vikings
90.2%
USA Today
Los Angeles Chargers
90.2%
USA Today
Philadelphia Eagles
90.2%
NFL.com
Philadelphia Eagles
90.2%
NFL.com
Minnesota Vikings
90.2%
NFL.com
Seattle Seahawks
90.2%
USA Today
Tennessee Titans
74.5%
Quiz Playlist
Details
Report
Send in Message
Add To Playlist
Classic:
Type in answers that appear in a list
Last Updated: Sep 11, 2019
Quiz Scoreboard
CHALLENGE
Sign Up to Join the Scoreboard
Show All
Scores
Hide
Comments
May contain spoilers
Recently Published
Billboard Blitz: Fleetwood Mac
by CooCooCachoo
Music
15s
Presidents Visiting Landmarks
by Hejman
History
7m
An Introduction to Baseball
by treessimontrees
Sports
5m
More to Explore
Quiz From the Vault
Featured Blog Post
Where Did the Easter Bunny Come From?
hide this ad
You Might Also Like...
Tags
Network Quiz
NFL Quiz
2019
Banking
Different
Power
season
source
team
Week
Week 1
Today's Top Quizzes in Sports
Browse Sports
hide this ad
Today's Top Quizzes in Network
Browse Network
Top Contributed Quizzes in Sports
1
Les meilleurs buteurs des matchs entre le PSG et l’OM
2
2022 World Cup Stars
3
FIFA Club World Cup Champions
4
Les entraîneurs de l'OM et du PSG au 21e siècle
5
Criteria MLB: Left Handed Sluggers
6
Name the Premier League winners with different clubs
7
5-to-1: UK Sports Teams
8
AFC Teams Reveal (Wrong Answers Minefield)
9
Players with Multiple 50 Home Run Seasons
10
5-to-1: FBS Animal Nicknames
Explore More
Trending Topics
Kpop
Disney
Marvel
Anime
Crossword
Harry Potter
NBA
Puzzle
Pokémon
Country
The Office
Soccer
WWE
Song
NFL
hide this ad
More By:
MrSaturn64
Quiz
Plays
Rating
Category
Featured
Created
Taller Than the Eiffel Tower
40,942
4.47
Geography
Jul 10, 2017
Things in the National Museum of American History
34,970
4.67
History
Dec 31, 2018
Bad Movies by Description
31,053
4.64
Movies
Feb 16, 2018
Years by Highest-Grossing Movies (1990s)
29,179
4.57
Movies
Jun 25, 2019
Star Wars Movie by Opening Crawl
28,951
4.71
Movies
Aug 25, 2016
Go to Creator's Profile
Score Distribution
Quiz Creator Spotlight
MrSaturn64
Follow
Send a Message
Quizzes Created
-
Created Quiz Play Count
-
More By This Creator
Popular Quizzes Today
1
Find the US States - No Outlines Minefield
2
Find the Countries of Europe - No Outlines Minefield
3
The Countries of the World
4
Find the US States
5
US States
6
Risky Map Clicking: Biggest States A-Z
7
Popular People in 1961
8
Movies - When Are They Set?
More Sports Quizzes
The Top 10s of International Cricket [2018]
Quiz Lab
Trending Quizzes
Risky Map Clicking: Least Populous States A-Z
1-10 Letter G Words
1-10 Letter F Words
Risky Map Clicking: Next State Alphabetically
Risky Map Clicking: Biggest States A-Z
Recently Updated
Leaping Animals
pecheneg
Reality TV Shows (A-Z)
bhenderson79
Rickey Henderson's Hall of Fame Teammates
pecheneg
Champions League XIs: Arsenal
pecheneg
Quick Pick: Celebrities in WWE's Hall of Fame
aduchscher
A-Z Keypad Blitz II
pecheneg
Multiple Oscar Actors
pecheneg
Mystery Phrase Blitz: Oscar 'Best Actors'
pecheneg
F. Scott Fitzgerald Novels
LTH
Pick 3 Villains
ddd62291
Trending Topics
Crossword
Anime
Marvel
NBA
Kpop
Disney
Harry Potter
NFL
Puzzle
Pokémon
The Office
Song
WWE
Country
Soccer
Your Account Isn't Verified!
In order to create a playlist on Sporcle, you need to verify the email address you used during registration. Go to your
Sporcle Settings
to finish the process.
Report this User
Report this user for behavior that violates our
Community Guidelines
.
Details:
Send Report
Go to the Sporcle.com Mobile Site →
Comments